• 首页
  • 本馆介绍
  • 公告通知
  • 最新文献
  • 馆藏检索
  • 电子资源
  • 读者导购
  • 参考咨询
  • 我的图书馆
  • 登录
  • 详细信息显示
  • 放入我的书架
  • 预约/预借图书
  • 作者相关作品
  • 分类相关作品
  • 丛书相关作品
  • 出版社相关作品

书目信息

  • 表格格式
  • 工作单格式
  • 卡片格式
题名:
私有化的局限
    
 
作者: 魏伯乐 , Weizsacker , 扬 , Young , 芬格 , Finger 主编 ;王小卫 , 周缨 译
分册:  
出版信息: 上海   上海人民出版社  2006
页数: 587页
开本: 21cm
丛书名: 当代经济学系列丛书
单 册:
中图分类: F014.1
科图分类:
主题词: 私有经济--研究--世界 , 私有经济
电子资源:
ISBN: 7-208-06159-9
000 01384oam2 2200361 450
001 012007790401
005 20070516172823.81
010    @a7-208-06159-9@dCNY38.00
100    @a20070508d2006 km y0chiy0120 ea
101 1  @achi@cmul
102    @aCN@b310000
105    @ay z 000yy
106    @ar
200 1  @a私有化的局限@Asi you hua de ju xian@f(德)魏伯乐,(美)奥兰·扬,(瑞士)马塞厄斯·芬格主编@F(de)wei bo yue,(mei)ao lan·yang,(rui shi)ma sai e si·fen ge zhu bian@g王小卫,周缨译@Gwang xiao wei,zhou ying yi
210    @a上海@c上海人民出版社@c上海三联书店@d2006
215    @a587页@d21cm
225 2  @a当代经济学系列丛书@i当代经济学译库
330    @a本书对私有化的讨论涉及了不同的产业部门、不同的地区和国家,以及私有化影响所及的方方面面,并把私有化置于广阔的全球化背景之下。
461  0 @12001 @a当代经济学系列丛书
510 1  @aLimits to privatization@zeng
606 0  @a私有经济@x研究@y世界
606 0  @a私有经济
690    @aF014.1@v4
701  1 @c(德)@a魏伯乐@Awei bo yue@bE.U.@4主编
701  1 @c(德)@aWeizsacker@bErnst Ulrich von@4主编
701  1 @c(美)@a扬@Ayang@b奥兰@4主编
701  1 @c(美)@aYoung@bOran R.@4主编
701  1 @c(瑞士)@a芬格@Afen ge@b马塞厄斯@4主编
701  1 @c(瑞士)@aFinger@bMatthias@4主编
702  0 @a王小卫@Awang xiao wei@4译
702  0 @a周缨@Azhou ying@4译
801  0 @aCN@bRULIN@c20070516
905    @dF014.1@e287@s5
    
    私有化的局限/(德)魏伯乐,(美)奥兰·扬,(瑞士)马塞厄斯·芬格主编/王小卫,周缨译.-上海:上海人民出版社:上海三联书店,2006
    587页;21cm.-(当代经济学系列丛书.当代经济学译库)
    
    
    ISBN 7-208-06159-9:CNY38.00
    本书对私有化的讨论涉及了不同的产业部门、不同的地区和国家,以及私有化影响所及的方方面面,并把私有化置于广阔的全球化背景之下。
●
相关链接 在E读中查询图书 在五车中查询图书 在当当中查询图书 在豆瓣中查询图书


正题名:私有化的局限     索取号:F014.1/287         预约/预借

序号 登录号 条形码 馆藏地/架位号 状态 备注
1 0572223   205722235   第一样本阅览室/ [索取号:F014.1/287] 在馆    
2 0572224   205722244   第一借阅区/ [索取号:F014.1/287] 在馆    
3 0572225   205722253   第一借阅区/ [索取号:F014.1/287] 在馆    
4 0572226   205722262   第一借阅区/ [索取号:F014.1/287] 在馆    
5 0572227   205722271   第一借阅区/ [索取号:F014.1/287] 在馆    
唐山师范学院图书馆 欢迎您!
大连网信软件有限公司© 版权所有